Evaluación de la influencia de la ductilidad global asignada sobre el diseño de estructuras de muros de madera

Gespeichert in:
Bibliographische Detailangaben
1. Verfasser: Quesada González, Luis Andrés, 1995-
Weitere Verfasser: González Beltrán, Guillermo, 1974- Director del TFG
Format: Buch
Sprache:Spanish
Veröffentlicht: [San José ], Costa Rica 2019
Schlagworte:
Tags: Tag hinzufügen
Keine Tags, Fügen Sie den ersten Tag hinzu!

MARC

LEADER 00000nam a22000007a 4500
003 013108
005 20230504153250.0
008 190826b2019 c a|||| |m|| 00| ||spa d
040 |c cru CEDI 
100 |9 487  |a Quesada González, Luis Andrés, 1995- 
245 |a Evaluación de la influencia de la ductilidad global asignada sobre el diseño de estructuras de muros de madera 
260 |a  [San José ], Costa Rica  |c 2019 
500 |a Proyecto de graduación (licenciatura en ingeniería civil)--Universidad de Costa Rica. Facultad de Ingeniería. Escuela de Ingeniería Civil. Ingeniería Estructural 
501 |a Director de Proyecto de Graduación: Ing. Guillermo González Beltrán, Ph.D. 
650 |x MUROS - DISEÑO - EVALUACION  |x CONSTRUCCIONES DE MADERA - EVALUACION  |x DUCTILIDAD - EVALUACION   |x ANALISIS ESTRUCTURAL (INGENIERIA)  |x DISEÑO DE ESTRUCTURAS - EVALUACION  
700 |9 219  |a González Beltrán, Guillermo, 1974-  |d Director del TFG 
942 |c CEDI  |h TFG 8258  |6 TFG_8258_000000000000000 
999 |c 21773  |d 21773